000 00887nam a22002897a 4500
001 BR8902959
003 BR-BrBNA
005 20230928093234.0
007 ta
008 230509b bl.||||| |||| 00| 0 por d
040 _aBR-BrBNA
_bpor
_cBiblioteca Nacional de Agricultura
041 _a(Por)
072 _aE16; E70; E73
090 _ E16 BR8902959
110 1 _aInstituto Brasileiro de Economia, Rio de Janeiro, RJ (Brasil). Centro de Estudos Agricolas
_95761
245 1 _aBalanco e disponibilidade interna de generos alimenticios de origem vegetal 1982 a 1986
260 3 _aRio de Janeiro, RJ (Brasil):
_c1988.
300 _a69 p.
500 _aNumerical data
650 _aPRODUTO DE ORIGEM VEGETAL
650 _aESTATISTICA DE PRODUCAO
650 _aIMPORTACAO
650 _aEXPORTACAO
650 _aCONSUMO
909 _a202309
_bLucia
_c55
_dLucia Elande
942 _cBK
999 _c43807
_d43807